00605nam a2200205 a 450000100060000000300080000600500170001400800410003103500190007203500180009104000410010904100080015008200220015810000290018024500410020926000530025030000200030365000200032365000560034376819BD-RjUL20211209082907.0200122s1965 nyu 000 1 eng  a(BD-RjUL)77043 a(OCoLC)287559 aDLCcODaWUdOCoLCdDLCdBD-RjULbeng aeng 223a813bSHV 19651 aShaw, Irwin,d1913-1984.10aVoices of a summer day /cIrwin Shaw aNew York :bDistributed by the Dial Press,c1965 a223 p.;c22 cm. aEnglish fiction aFiction in English vAmerican writers, y1900-1945